LEADER 02752 am 2200553 n 450 001 9910340853603321 005 20170211 010 $a2-7099-2293-2 024 7 $a10.4000/books.irdeditions.9740 035 $a(CKB)3710000001127778 035 $a(FrMaCLE)OB-irdeditions-9740 035 $a(oapen)https://directory.doabooks.org/handle/20.500.12854/41496 035 $a(PPN)267950217 035 $a(EXLCZ)993710000001127778 100 $a20170322j|||||||| ||| 0 101 0 $afre 135 $auu||||||m|||| 181 $ctxt$2rdacontent 182 $cc$2rdamedia 183 $acr$2rdacarrier 200 10$aAtlas de la vulnérabilité de l?agglomération de La Paz /$fSébastien Hardy 210 $aMarseille $cIRD Éditions$d2017 215 $a1 online resource (166 p.) 311 $a2-7099-1828-5 330 $aFruit d?un travail en partenariat, cet atlas offre une lecture de l?agglomération de La Paz, composée de la municipalité éponyme et de celle d?El Alto. Le déchiffrage qu?il propose se veut résolument novateur dans la mesure où les deux villes sont habituellement montrées séparément, sans jamais prendre en compte l?évidence de leur interdépendance. Si l?histoire de la construction de ces deux municipalités explique pourquoi elles s?ignorent sur le plan institutionnel, l?analyse de différentes cartes indique au contraire que ces deux municipalités ne forment qu?une seule et même agglomération. El Alto et La Paz, l?en haut et l?en bas, constituent un tout : elles sont à la fois dissociées et indissociables fonctionnellement et morphologiquement. L?atlas fait donc ressortir quelques-uns des problèmes que pose le couple La Paz-El Alto. Ces problèmes alimentent la vulnérabilité de l?agglomération. Mais les cartes de cet atlas démontrent aussi que la gestion des risques, notamment des situations d?urgence et de crise, constitue un substrat concret de collaboration et de rapprochement des deux villes. 606 $aUrban Studies 606 $agéographie urbaine 606 $acatastrophe naturelle 606 $aBolivie 606 $aEl Alto 606 $aLa Paz 610 $aBolivie 610 $aEl Alto 610 $agéographie urbaine 610 $aLa Paz 610 $acatastrophe naturelle 615 4$aUrban Studies 615 4$agéographie urbaine 615 4$acatastrophe naturelle 615 4$aBolivie 615 4$aEl Alto 615 4$aLa Paz 700 $aHardy$b Sébastien$01313045 701 $aPigeon$b Patrick$01313046 801 0$bFR-FrMaCLE 906 $aBOOK 912 $a9910340853603321 996 $aAtlas de la vulnérabilité de l?agglomération de La Paz$93031181 997 $aUNINA LEADER 02784oam 2200481 450 001 9910446325303321 005 20240129195849.0 010 $a1-4963-2817-5 035 $a(OCoLC)946069596 035 $a(MiFhGG)GVRL83NZ 035 $a(EXLCZ)993710000000597570 100 $a20151027h20162016 uy 0 101 0 $aeng 135 $aurun#---uuuua 181 $ctxt 182 $cc 183 $acr 200 10$aNeinstein's adolescent and young adult health care $ea practical guide /$feditor-in-chief, Lawrence S. Neinstein, MD, FACP ; senior associate editor, Debra K. Katzman, MD, FRCPC ; associate editors, S. Todd Callahan, MD, [and three others] 205 $a6th ed. 210 $aPhiladelphia $cLippincott Williams & Wilkins$d2015 210 1$aPhiladelphia, Pennsylvania :$cWolters Kluwer,$d[2016] 210 4$d?2016 215 $a1 online resource (xxviii, 690 pages) $cillustrations (some color), maps 225 0 $aGale eBooks 300 $aRev. ed. of: Adolescent health care / Lawrence S. Neinstein. 5th ed. c2008. 311 $a1-4511-9008-5 320 $aIncludes bibliographical references and index. 327 $apt. 1. General considerations in adolescent and young adult health care -- pt. 2. Endocrine problems -- pt. 3. Cardiovascular problems -- pt. 4. Musculoskeletal problems and sports medicine -- pt. 5. Skin disorders -- pt. 6. Neurological and sleep disorders -- pt. 7. Genitourinary disorders -- pt. 8. Infectious diseases -- pt. 9. Conditions affecting nutrition and weight -- pt. 10. Functional and other unexplained medical conditions -- pt. 11. Sexuality and contraception -- pt. 12. Other reproductive system and breast disorders -- pt. 13. Sexually transmitted infections -- pt. 14. Substance use and abuse -- pt. 15. Mental health -- pt. 16. Special populations. 330 $aThis book delivers practical, authoritative guidance on everything from normal adolescent development to legal issues, psychosocial care, and special populations. Updates include the addition of young adult health care; numerous new chapters; more algorithms, photos, and bulleted text; and fresh perspectives from new editors. For daily practice or board preparation, and useful for pediatricians, and other physicians and facilities that serve adolescents and young adults. 517 3 $aAdolescent and young adult health care 606 $aAdolescent medicine 608 $aHandbooks 615 0$aAdolescent medicine. 676 $a616.00835 702 $aNeinstein$b Lawrence S. 702 $aKatzman$b Debra 702 $aCallahan$b Todd 801 0$bMiFhGG 801 1$bMiFhGG 906 $aBOOK 912 $a9910446325303321 996 $aNeinstein's adolescent and young adult health care$93557719 997 $aUNINA